1985 1923 1300 1928 1583 1516 1680 1689 1878 1704 1551 1782 1025 1339 1667 1611 1746 1735 1902 1882 1956 1363 1793 1765 1566 1144 1460 1663 1542 1781 1611 1860 1925 1403 1255 1309 1683 1847 1725 1147 1081 1408 1217 1026 1073 1968 1199 1041 1422 1950 1729 1889 1932 1888 1348 1947 1325 1971 1425 1301 1805 1182 1096 1128 1668 1196 1336 1808 1821 1923 1729 1598 1224 1596 1565 1148 1166 1374 1555 1783 1579 1619 1063 1182 1120 1052 1975 1904 1218 1849 1397 1153 1327 1828 1030 1103 1589 1524 1148 BCNSPRNW ULIB Ver.6.0+V

เปลี่ยนเป็นภาษาไทย

Change to English
 แสดงรายละเอียดบรรณานุกรม
  กลับหน้าหลัก

Brief Record : Get Marc (ISO 2709) : E-mail record : QR code < ปิดหน้าต่าง
LEADER : 00000nam 2200000uu 4500
001    13399111844
003     ULIB
008    110627s2534||||th 000 0 tha d
060  4 WA305^bจ483ป 2534
100 0  จินตนา ยูนิพันธ์
245 00 ปัจจัยที่สัมพันธ์กับพฤติกรรมการดูแลตนเองด้านสุขภาพจิตของประชาชนไทยภาคกลาง/^cจินตนา ยูนิพันธ์
260    กรุงเทพฯ :^bแผนงานส่งเสริมการวิจัยพฤติกรรมสุขภาพ,^c2534
300    149 หน้า
650  7 ปัจจัยที่สัมพันธ์กับพฤติกรรมการดูแลตนเองด้านสุขภาพ
945    ^p0^l0^i008703
995    ทศพร
999 ^a ใช้งานได้ทุกระบบ
รายการนี้ยังไม่มีแท็ก
คุณยังไม่ได้ล็อกอิน คุณสามารถมีกิจกรรมร่วมกับเว็บไซต์ได้ แต่ต้องล็อกอินก่อน ::
  ล็อกอิน

รายการสื่อสารสนเทศ

ลำดับที่ ประเภท เลขเรียก/บาร์โค้ด สถานที่ สถานะ
- ไม่พบข้อมูล -

BibComment


ยังไม่เคยถูกคอมเมนท์

คอมเมนท์ทรัพยากรรายการนี้
  คอมเมนท์: ปัจจัยที่สัมพันธ์..


 Copyright 2026. Bcnsprnw @Library